Decretales D. Gregorii Papae IX : (Registro nro. 34069)
[ vista simple ]
| 000 -CABECERA | |
|---|---|
| campo de control de longitud fija | 00777nam a2200205 a 4500 |
| 001 - NÚMERO DE CONTROL | |
| campo de control | 000034578 |
| 005 - FECHA Y HORA DE LA ÚLTIMA TRANSACCIÓN | |
| campo de control | 20200930073758.0 |
| 008 - DATOS DE LONGITUD FIJA--INFORMACIÓN GENERAL | |
| campo de control de longitud fija | 111010s1585 fr a 000 0 lat d |
| 040 ## - FUENTE DE LA CATALOGACIÓN | |
| Centro catalogador/agencia de origen | DO-SdBNP |
| Lengua de catalogación | spa |
| Centro/agencia transcriptor | BNPHU |
| 110 2# - ENTRADA PRINCIPAL--NOMBRE DE ENTIDAD CORPORATIVA | |
| Nombre de entidad corporativa o nombre de jurisdicción como elemento de entrada | Iglesia Católica |
| 9 (RLIN) | 4241 |
| 240 10 - TÍTULO UNIFORME | |
| Título uniforme | Decretales Gregorio IX |
| 245 10 - MENCIÓN DE TÍTULO | |
| Título | Decretales D. Gregorii Papae IX : |
| Resto del título | svae integritati vna cvm glossis restitvtae ; cum priuilegio Gregorii XIII. Pont. Max. [et] aliorum Principum. |
| 260 ## - PUBLICACIÓN, DISTRIBUCIÓN, ETC. | |
| Lugar de publicación, distribución, etc. | Parisiis : |
| Nombre del editor, distribuidor, etc. | [s.n.] , |
| Fecha de publicación, distribución, etc. | 1585. |
| 300 ## - DESCRIPCIÓN FÍSICA | |
| Extensión | [28] p., 1966 columnas, 42, [2] p. : |
| Otras características físicas | il. ; |
| Dimensiones | 35 cm. |
| 500 ## - NOTA GENERAL | |
| Nota general | Incluye índice. |
| 650 24 - PUNTO DE ACCESO ADICIONAL DE MATERIA--TÉRMINO DE MATERIA | |
| Término de materia o nombre geográfico como elemento de entrada | Derecho canónigo |
| 9 (RLIN) | 60011 |
| 650 24 - PUNTO DE ACCESO ADICIONAL DE MATERIA--TÉRMINO DE MATERIA | |
| Término de materia o nombre geográfico como elemento de entrada | Decretos papales |
| 9 (RLIN) | 60012 |
| 650 24 - PUNTO DE ACCESO ADICIONAL DE MATERIA--TÉRMINO DE MATERIA | |
| Término de materia o nombre geográfico como elemento de entrada | Iglesia católica |
| 9 (RLIN) | 1307 |
| 710 2# - PUNTO DE ACCESO ADICIONAL--NOMBRE DE ENTIDAD CORPORATIVA | |
| Nombre de entidad corporativa o nombre de jurisdicción como elemento de entrada | Iglesia Católica. |
| Unidad subordinada | Papa (1227-1241 : Gregorio IX) |
| 9 (RLIN) | 60013 |
| Estado de retiro | Estado de pérdida | Restricciones de uso | No para préstamo | Código de colección | Localización permanente | Ubicación/localización actual | Ubicación en estantería | Fecha de adquisición | Número de inventario | Total de préstamos | Signatura topográfica completa | Código de barras | Fecha visto por última vez | Precio válido a partir de | Tipo de ítem Koha |
|---|---|---|---|---|---|---|---|---|---|---|---|---|---|---|---|
| Monografías: Libros y Folletos | General | General | Orden iniciada | 10.10.2011 | LF1 | 34578-10 | 25.06.2020 | 25.06.2020 | No se presta |
